|
|
|
|
| LEADER |
00883pam a22002418a 4500 |
| 001 |
00030565 |
| 005 |
20171026081025.0 |
| 008 |
130416s2012 ||||||viesd |
| 041 |
0 |
# |
|a vie
|
| 082 |
1 |
4 |
|a 370.959 7
|b X112D
|
| 100 |
1 |
# |
|a Phạm, Tất Dong
|e chủ biên
|
| 245 |
1 |
0 |
|a Xây dựng mô hình xã hội học tập ở Việt Nam
|c Phạm Tất Dong (ch.b)
|
| 260 |
# |
# |
|a Hà Nội
|b Dân Trí
|c 2012
|
| 300 |
# |
# |
|a 372 tr.
|c 21 cm.
|
| 653 |
# |
# |
|a Giáo dục
|
| 653 |
# |
# |
|a Xã hội học tập
|
| 653 |
# |
# |
|a Việt Nam
|
| 653 |
# |
# |
|a Mô hình
|
| 852 |
# |
# |
|j KM.0016820
|j KM.0016821
|j KD.0014530
|j KM.0015081
|j KM.0016590
|
| 852 |
# |
# |
|b Kho đọc
|j KD.0014530
|
| 852 |
# |
# |
|b Kho mượn
|j KM.0016590, KM.0015081, KM.0016820, KM.0016821
|
| 910 |
|
|
|d 16/04/2013
|
| 980 |
# |
# |
|a Trung tâm Học liệu Lê Vũ Hùng, Trường Đại học Đồng Tháp
|